000 00931cam a2200277Ma 4500
005 20150216122248.0
008 150216s2011 ck gr 000 0 spa d
020 _a9789588674117
020 _a9588674115
040 _aCO-BoUCM
_cJose A. Gerena
_dJose A. Gerena
_bspa
041 0 _aspa
100 1 _aArango, Gonzalo
_967508
245 1 0 _aCorrespondencia violada
_cGonzalo Arango
250 _a2a ed
260 _aMedellín (Colombia)
_bFondo Editorial Universidad EAFIT
_c2011
300 _a513 páginas
490 _aColección bicentenario de Antioqía
_v28
600 1 0 _aArango, Gonzalo
_vCorrespondencia
_967509
650 7 _aColecciones de escritos
_911112
650 7 _aCartas
_97383
650 7 _aLiteratura colombiana
_918629
650 7 _aEscritores colombianos
_914780
690 _942861
_aLiteratura colombiana
942 _2DEWEY
_a18
_cLIBRO
_e2
_h866.44
_kC
_mA662
999 _c298708
_d298708